| 000 | 00000nas##2200000za#4500 |
| 001 | 9.504870 |
| 003 | CaOODSP |
| 005 | 20200618101617 |
| 007 | cr ||||||||||| |
| 008 | 150406c1995||||xxc|| m o||||f| |0eng|d |
| 022 | |a1481-8531 |
| 040 | |aCaOODSP|beng |
| 043 | |an-cn--- |
| 086 | 1 |aH12-21-3E-PDF |
| 110 | 2 |aPublic Health Agency of Canada. |
| 245 | 10|aCanada communicable disease report. Supplement |h[electronic resource] |
| 260 | |aOttawa - Ontario : |bPublic Health Agency of Canada |
| 310 | |aIrregular |
| 500 | |aIssued by Health Canada until the October 1, 2004 issue. |
| 690 | 07|aImmunization|2gcpds |
| 690 | 07|aInfectious diseases|2gcpds |
| 775 | 08|tRelevé des maladies transmissible au Canada. Supplément |w(CaOODSP)9.501303 |